00265nam a2200109Ia 4500008004100000100002000041245004500061260000900106650001600115942000700131999001700138190216s9999||||xx |||||||||||||| ||und|| aWeatherburn C E 2aA First Course In Mathematical Statitics bNull aMathematics cBK c30502d30502